Cartoons, Movies, Comics, Books, Games and Anime - Pick Japanese Works - Statistics

General Stats
  • This quiz has been taken 256 times
  • The average score is 13 of 25
Answers on the Grid
Answers color-coded by a green-red scale on the quiz's grid according to % correct below.
Astro Boy
Dragon Ball Z
Mickey Mouse
Yogi Bear
Doraemon
Pokemon
Naruto
The Powerpuff Girls
Spy X Family
Crayon Shin Chan
Pleasant Goat and Big Big Wolf
Phineas and Ferb
Tom and Jerry
One Piece
Demon Slayer
Woody Woodpecker
Sailor Moon
Winnie the Pooh
My Hero Academia
Old Master Q
Scooby Doo
Mcdull
Case Closed
Haikyuu!
Despicable Me
The Idolmaster
Shaun the Sheep
Puella Magi Madoka Magica
Fairy Tail
Sword Art Online
Blinky Bill
Chhota Bheem
A Certain Scientific Railgun
Fate: Grand Order
The Cat in the Hat
Madagascar
Love Live! School Idol Project
Asterix
Looney Tunes
Pocoyo
Cardfight Vanguard
Bang Dream!
Pororo the Little Penguin
Upin and Ipin
Is the Order A Rabbit?
Bluey
Angry Birds
Mobile Suit Gundam
The Smurfs
Sonic the Hedgehog
 
Answer Stats
Answer % Correct
In Japan, created by Akira Toriyama Dragon Ball Z
88%
In Japan, created by Masashi Kishimoto Naruto
86%
In Japan, created by Nintendo and Satoshi Tajiri Pokemon
79%
In Japan, created by Koyoharu Gotouge Demon Slayer
74%
In Japan, created by Eiichiro Oda One Piece
74%
In Japan, created by Osamu Tezuka Astro Boy
72%
In Japan, created by Kohei Horikoshi My Hero Academia
68%
In Japan, created by Fujiko F Fujio Doraemon
66%
In Japan, created by Naoko Takeuchi Sailor Moon
66%
In Japan, created by Haruichi Furudate Haikyuu!
64%
In Japan, created by Tetsuya Endo Spy X Family
63%
In Japan, created by Reki Kawahara Sword Art Online
57%
In Japan, created by Hiro Mashima Fairy Tail
54%
In Japan, created by Type Moon and Aniplex Fate: Grand Order
45%
In Japan, created by Magica Quartet and Shaft Puella Magi Madoka Magica
44%
In Japan, created by Yoshito Usui Crayon Shin Chan
42%
In Japan, created by Sakurako Kimino and Sunrise Love Live! School Idol Project
38%
In Japan, created by Yoshiyuki Tomino Mobile Suit Gundam
37%
In Japan, created by Kazuma Kamachi A Certain Scientific Railgun
28%
In Japan, created by Gosho Aoyama Case Closed
22%
In Japan, created by Sega Sonic the Hedgehog
22%
In Japan, created by Bandai Namco The Idolmaster
21%
In Japan, created by Bushiroad Bang Dream!
17%
In Japan, created by Bushiroad Cardfight Vanguard
17%
In Japan, created by Koi and White Fox Is the Order A Rabbit?
12%
No matching quizzes found
Score Distribution
Percent of People with Each Score
Percentile by Number Answered
Your Score History
You have not taken this quiz